[Event "Narva Baltic Stars"]
[Site "Narva"]
[Date "2015.12.10"]
[Round "2"]
[White "Olde, Margareth"]
[Black "Moiseeva, Anastasia"]
[Result "1-0"]
[WhiteElo "2002"]
[BlackElo "1549"]
[PlyCount "99"]
[EventDate "2015.12.09"]
[EventType "team-tourn"]
[EventRounds "5"]
[EventCountry "EST"]
[SourceTitle "CBM 170 Extra"]
[Source "ChessBase"]
[SourceDate "2016.02.25"]
[SourceVersion "1"]
[SourceVersionDate "2016.02.25"]
[SourceQuality "1"]

1. c4 e5 2. Nc3 Nf6 3. g3 g6 4. Bg2 Bg7 5. Nf3 d6 6. 0-0 0-0 7. d3 Re8 8. Rb1 Nc6 9. b4 Rb8 10. a4 b6 11. Nd5 Nxd5 12. cxd5 Ne7 13. Nd2 Bb7 14. Qb3 c6 15. dxc6 Bxc6 16. Bb2 Bxg2 17. Kxg2 Rc8 18. Rbc1 Qd7 19. Nf3 Nf5 20. e4 Ne7 21. Rc4 Qb7 22. Rfc1 Bh6 23. R1c2 Rxc4 24. Qxc4 Rc8 25. Qb3 Rxc2 26. Qxc2 Qc6 27. Qxc6 Nxc6 28. Ba3 Bf8 29. b5 Na5 30. Kf1 f6 31. Nd2 Kf7 32. Ke2 Be7 33. Ke3 Ke6 34. Bb4 Nb7 35. Nc4 Bd8 36. d4 d5 37. Nb2 exd4+ 38. Kxd4 dxe4 39. Kxe4 Be7 40. Bxe7 Kxe7 41. Kd5 Kd7 42. Nd3 Nd6 43. Nb4 Nc8 44. Nc6 h6 45. f3 h5 46. f4 Nd6 47. Nxa7 Nb7 48. Nc6 Nc5 49. a5 bxa5 50. Kxc5 1-0